ბათუმის შოთა რუსთაველის სახელმწიფო უნივერსიტეტის ბიბლიოთეკა

150 More Group Therapy Activities & TIPS / (ბიბ.ჩანაწერი № 62306)

000 -LEADER
fixed length control field 00654nam a22001817a 4500
005 - DATE AND TIME OF LATEST TRANSACTION
control field 20240920160343.0
008 - FIXED-LENGTH DATA ELEMENTS--GENERAL INFORMATION
fixed length control field 240920s2016 enk||||| |||| 00| 0 eng d
020 ## - INTERNATIONAL STANDARD BOOK NUMBER
International Standard Book Number 9781683730156x
041 ## - LANGUAGE CODE
Language code of text/sound track or separate title eng
080 ## - UNIVERSAL DECIMAL CLASSIFICATION NUMBER
Universal Decimal Classification number 615.861+159 B-41
100 ## - MAIN ENTRY--PERSONAL NAME
Personal name Belmont, Judith A.
9 (RLIN) 23262
245 ## - TITLE STATEMENT
Title 150 More Group Therapy Activities & TIPS /
Statement of responsibility, etc. Judith A. Belmont.
264 ## - PRODUCTION, PUBLICATION, DISTRIBUTION, MANUFACTURE, AND COPYRIGHT NOTICE
Place of production, publication, distribution, manufacture Eau Claire,
Name of producer, publisher, distributor, manufacturer PESI Publishing,
Date of production, publication, distribution, manufacture, or copyright notice 2016.
300 ## - PHYSICAL DESCRIPTION
Extent 252 p.:
Other physical details ill.;
Dimensions 29 cm.
653 ## - INDEX TERM--UNCONTROLLED
keyword 150 სხვა ჯგუფური თერაპიის აქტივობები და რჩევები
653 ## - INDEX TERM--UNCONTROLLED
keyword მედიცინა
942 ## - ADDED ENTRY ELEMENTS (KOHA)
Source of classification or shelving scheme
Koha item type წიგნი
ეგზემპლარები
Withdrawn status Lost status Source of classification or shelving scheme Damaged status Not for loan Permanent Location Current Location Shelving location Date acquired Cost, normal purchase price Full call number Barcode Date last seen Copy number Price effective from Koha item type
          ბათუმის შოთა რუსთაველის სახელმწიფო უნივერსიტეტის მთავარი ბიბლიოთეკა ბათუმის შოთა რუსთაველის სახელმწიფო უნივერსიტეტის მთავარი ბიბლიოთეკა წიგნსაცავი 2024-09-20 141.00 615.861+159 B-41 68878 2024-09-20 68878 2024-09-20 წიგნი